| 000 | 01742nam a2200385Ii 4500 | ||
|---|---|---|---|
| 001 | DIGTEBAR0020 | ||
| 003 | NyNyDIG | ||
| 006 | m o d | ||
| 007 | cr ||||||||||| | ||
| 008 | 131101s2009 sp ob 000 0 spa d | ||
| 020 |
_a9788473604512 _q(eBook) |
||
| 020 | _z8473603192 | ||
| 020 | _z9788473603195 | ||
| 035 | _a(OCoLC)888279437 | ||
| 040 |
_aDGITA _beng _epn _cDGITA |
||
| 050 | 1 | 4 | _aPR1119 eBook |
| 100 | 1 |
_aAntonelli, Cristiano, _d1971- |
|
| 245 | 1 | 0 |
_aSan Jorge y la rosa : _bexpresiones culturales de la España peregrina / _cCristiano Antonelli |
| 264 | 1 |
_aMadrid : _bEditorial Tébar, _c2009. |
|
| 300 | _a1 online resource (166 pages) | ||
| 336 |
_atext _btxt _2rdacontent |
||
| 337 |
_acomputer _bc _2rdamedia |
||
| 338 |
_aonline resource _bcr _2rdacarrier |
||
| 504 | _aIncludes bibliographical references (p. [163]-166). | ||
| 505 | 0 | _aEntre la historia y la leyenda -- El culto desde el siglo IV -- La Passio Georgii -- Jorge y el dragón -- La leyenda dorada -- Jorge y la caballería -- Jorge y Francisco -- El bajo medievo en Occidente -- En Aragón -- En Cataluña -- Iconografía -- Jorge el Santo -- Jorge en el Islam -- Leyenda dorada, el martirio -- Martirio y muerte, hasta la victoria -- Leyenda dorada, Jorge y el dragón -- El dragón -- La rosa -- Bibliografía. | |
| 600 | 0 | 0 |
_aGeorge, _cSaint, _d -303 |
| 600 | 0 | 0 |
_aGeorge, _cSaint, _d. 303 _xLegends. |
| 600 | 0 | 0 |
_aGeorge, _cSaint, _d. 303 _xCult. |
| 655 | 0 | _aElectronic books. | |
| 791 | 2 |
_aDigitalia (Firm), _edistributor. |
|
| 793 | 0 |
_gDigitalia eBook Collection: _aEditorial Tébar. |
|
| 856 | 4 | 0 |
_3Digitalia Hispánica _uhttps://www.digitaliapublishing.com/a/12919/ |
| 910 | _aPremium Collection: 2007-2012 | ||
| 942 | _cRAA | ||
| 999 |
_c232675 _d232675 |
||